| 000 | 005830000a22001810004500 | ||
|---|---|---|---|
| 003 | LK-CoMWRAF | ||
| 005 | 20240103111932.0 | ||
| 008 | 230817t ||||| |||| 00| 0 eng d | ||
| 040 |
_aLK-CoMWRAF _dLK-CoMWRAF _eLK-CoMWRAF |
||
| 041 | _aeng | ||
| 082 |
_a820 _bWIE |
||
| 100 | _aWiesinger, Rita J. | ||
| 245 |
_aLight me a candle : _bTwo years of literacy and adult education work among the women of Khuzistan, Iran |
||
| 260 |
_aBombay (India) : _bShakuntala Publications, _c1973 |
||
| 300 | _axv, 199p. ; 23cm. | ||
| 650 | _aIran Khuzistan women literacy programmes | ||
| 942 | _cBK | ||
| 999 |
_c1433 _d1433 |
||